000 01051pam a2200301 a 4500
001 4360927
003 NUST - PNEC
005 20170116181134.0
008 901018s1991 nyua b 001 0 eng
010 _a 90021743
020 _a0442238290
040 _aDLC
_cLIBRARY
_dDLC
050 0 0 _aTD353
_b.M37 1991
082 0 0 _a628 MAR
_220
100 1 _aMartin, E. J.
_q(Edward J.)
245 1 0 _aTechnologies for small water and wastewater systems /
_cEdward J. Martin, Edward T. Martin.
260 _aNew York :
_bVan Nostrand Reinhold,
_cc1991.
300 _axv, 366 p. :
_bill. ;
_c24 cm.
490 1 _aEnvironmental engineering series
504 _aIncludes bibliographical references and index.
650 0 _aWater-supply engineering.
_xGeneral
650 0 _aSewage disposal.
650 0 _aAppropriate technology.
700 1 _aMartin, Edward T.
830 0 _aEnvironmental engineering series (New York, N.Y.)
942 _2ddc
_cBK
999 _c70128
_d70128